000 00825nam a22002297a 4500
999 _c14160
_d14160
003 AR-CdUCM
008 190422b ||||| |||| 00| 0 spa d
020 _a978-84-662-3157-2
040 _aMUNICIPALIDAD PROVINCIAL DEL CUSCO
_cBIBLIOTECA MUNICIPAL DEL CUSCO
041 _hspa
082 _aEP / 376.1 /
_bL58
110 _aLibsa
_932831
245 _aMi libro de adivinanzas y trabalenguas /
260 _aMadrid :
_bLibsa,
_c2015.
300 _a112 páginas ;
_bIlustraciones,
_c27 cm.
440 _aMi libro de entretenimiento
_932832
505 _aContenido: Descubre plantas y animales -- Adivinanzas de andar por casa -- Descubre que cosa es -- Trabalenguas divertidas.
650 _aAdivinanzas infantiles
_932833
650 _atrabalenguas infantiles
_932834
942 _2ddc
_cLIBROS
945 _acmm
_d2019-04-22